Illustrierte geschichte des kunst-gewerbes (Record no. 7929)

MARC details
000 -CABECERA
campo de control de longitud fija 01206nam a2200313 a 4500
001 - NÚMERO DE CONTROL
campo de control BRCA_8261
005 - FECHA Y HORA DE LA ÚLTIMA TRANSACCIÓN
campo de control 20190320210212.0
008 - DATOS DE LONGITUD FIJA--INFORMACIÓN GENERAL
campo de control de longitud fija 050614s1907----gw-abd#f##---#001-0#ger-#
041 ## - CÓDIGO DE LENGUA
Código de lengua del texto/banda sonora o título independiente ger
044 ## - CÓDIGO DEL PAÍS DE LA ENTIDAD EDITORA/PRODUCTORA
Código MARC del país gw
050 #4 - SIGNATURA TOPOGRÁFICA DE LA BIBLIOTECA DEL CONGRESO
Número de clasificación NK600
Número de documento/Ítem .I4 1907
245 10 - MENCIÓN DE TÍTULO
Título Illustrierte geschichte des kunst-gewerbes
Resto del título I, II
Mención de responsabilidad, etc. herausgegeben in verbindung mit G. Lehnert, Wilhelm Behnke ... [et al.].
260 ## - PUBLICACIÓN, DISTRIBUCIÓN, ETC.
Lugar de publicación, distribución, etc. Berlin
Nombre del editor, distribuidor, etc. M. Oldenbourg
Fecha de publicación, distribución, etc. [1907]
300 ## - DESCRIPCIÓN FÍSICA
Extensión 2 v.
Otras características físicas il., mapas
Dimensiones 25 cm.
500 ## - NOTA GENERAL
Nota general Edición de cantos dorados
500 ## - NOTA GENERAL
Nota general Ejemplares encuadernados en pergamino
500 ## - NOTA GENERAL
Nota general S11
504 ## - NOTA DE BIBLIOGRAFÍA, ETC.
Nota de bibliografía, etc. Bibliografía al final v.II p. 795-817
505 0# - NOTA DE CONTENIDO CON FORMATO
Nota de contenido con formato v.I Ersterband das kunstgewerbe im altertum, im mittelalter und zur zeit der renaissance.-- v.II Zweiter band dans kunstgewerbe in barock, rokoko, Louis XVI, empire und neuester zeit, im gebiete des islams und Ostasien.
650 14 - PUNTO DE ACCESO ADICIONAL DE MATERIA--TÉRMINO DE MATERIA
Término de materia o nombre geográfico como elemento de entrada Artes decorativas
Subdivisión de forma Historia
9 (RLIN) 20625
650 14 - PUNTO DE ACCESO ADICIONAL DE MATERIA--TÉRMINO DE MATERIA
Término de materia o nombre geográfico como elemento de entrada Artes decorativas
Subdivisión de forma Bibliografía
9 (RLIN) 3336
700 1# - PUNTO DE ACCESO ADICIONAL--NOMBRE DE PERSONA
Nombre de persona Lehnert, G.
Término indicativo de función/relación ed.
9 (RLIN) 20626
700 1# - PUNTO DE ACCESO ADICIONAL--NOMBRE DE PERSONA
Nombre de persona Behncke, Wilhelm
9 (RLIN) 20627
700 1# - PUNTO DE ACCESO ADICIONAL--NOMBRE DE PERSONA
Nombre de persona Braun, Wilhelm
9 (RLIN) 20628
700 1# - PUNTO DE ACCESO ADICIONAL--NOMBRE DE PERSONA
Nombre de persona Dreger, Moriz
9 (RLIN) 20629
700 1# - PUNTO DE ACCESO ADICIONAL--NOMBRE DE PERSONA
Nombre de persona Falke, Otto von
9 (RLIN) 16023
902 ## - CATALOGADOR
Iniciales GFM
942 ## - ELEMENTOS DE PUNTO DE ACCESO ADICIONAL (KOHA)
Fuente del sistema de clasificación o colocación Library of Congress Classification
Tipo de ítem Koha Libros
Holdings
Estado de retiro Estado de pérdida Estado dañado No para préstamo Localización permanente Ubicación/localización actual Fecha de adquisición Número de inventario Total de préstamos Signatura topográfica completa Código de barras Fecha visto por última vez Precio válido a partir de Tipo de ítem Koha
El ejemplar forma parte de la colección y puede ser consultado según las políticas vigentes.       Biblioteca del Museo Franz Mayer (Rogerio Casas-Alatriste) Biblioteca del Museo Franz Mayer (Rogerio Casas-Alatriste) 05/06/2014 S11   NK600 .I4 1907 (S11) 8885 22/03/2019 22/03/2019 Libros